01122cam a2200265Ma 4500001001300000005001700013008004100030020001800071020001500089020001800104035003900122040004400161041000800205100002800213245013300241260010600374300003300480650003400513650005600547650004100603650002500644650003400669650005600703710009700759ocn91653335620171207074208.0171207s2014 ck a b 000 0 spa d a9789587630992 a9587630998 z9789587630092 a(OCoLC)916533356z(OCoLC)991707944 aCo-BoUCMbspacSaul NiñodSaul Niño0 aspa1 aRubiano Bernal, Gonzalo14aLas disposiciones en el discurso y la representación de la violencia como riesgo en la prensa amarillacGonzalo Rubiano Bernal aBogotábCorporación Universitaria Minuto de Dios, Facultad de Ciencias de la Comunicaciónc2014 a200 páginasbilustraciones 7aSensacionalismo en la prensa  7aArtículos de prensa xAspectos morales y éticos 7aDelito y prensa xAspectos sociales. 7aPolítica y prensa  7aSensacionalismo en la prensa  7aArtículos de prensa xAspectos morales y éticos2 aCorporación Universitaria Minuto de Dios (Bogotá)bFac. de Ciencias de la Comunicación